| 000 | 00352nam a2200133Ia 4500 | ||
|---|---|---|---|
| 005 | 20260326100038.0 | ||
| 008 | 260326s9999||||xx |||||||||||||| ||und|| | ||
| 100 | _aPhillips, H.B | ||
| 245 | 0 |
_aGeometría Analítica / _cH.B Phillips |
|
| 260 | _bUnión Topográfica Editorial Hispano-Americana | ||
| 300 | _a227 p. | ||
| 650 | _aGEOMETRÍA | ||
| 942 | _cBK | ||
| 999 |
_c6901 _d6901 |
||